| 000 | 00351nam a22001338i 4500 | ||
|---|---|---|---|
| 020 | _a0195216784 | ||
| 040 | _cUKM | ||
| 082 | 0 | 4 | _a338.9005 |
| 245 | 0 | 0 |
_aHuman development report 2000 : _bhuman development and human rights / |
| 300 | _a1 volume | ||
| 650 | 4 | _aEconomic development | |
| 710 | 2 | _aUnited Nations Development Programme. | |
| 942 | _cAEDBB | ||
| 999 |
_c18403 _d18403 |
||